English County Capitals Quiz Stats

Quiz not verified by Sporcle

Challenge
Share
Tweet
Embed
Score 0/47 Timer 04:00
0 Plays Today
County City (capital) % Correct
BristolBristol
87.7%
OxfordshireOxford
84.8%
GloucestershireGloucester
78.4%
CornwallTruro
74.2%
CambridgeshireCambridge
73.7%
Greater LondonLondon
73%
DevonExeter
72%
DerbyshireDerby
71.3%
NorthamptonshireNorthampton
71.1%
LeicestershireLeicester
71.1%
LincolnshireLincoln
70.6%
NottinghamshireNottingham
70.4%
BedfordshireBedford
69.9%
Greater ManchesterManchester
69.4%
WarwickshireWarwick
67.8%
NorfolkNorwich
67.8%
MerseysideLiverpool
67.1%
HerefordshireHereford
66.1%
StaffordshireStafford
65.6%
WorcestershireWorcester
65.4%
West MidlandsBirmingham
62.8%
CheshireChester
60.4%
SuffolkIpswich
58.3%
HertfordshireHertford
53.1%
County City (capital) % Correct
BerkshireReading
50.9%
SomersetTaunton
48.8%
Tyne & WearNewcastle
48.8%
DorsetDorchester
46%
LancashireLancaster
45.3%
County DurhamDurham
45%
ShropshireShrewsbury
41%
EssexChelmsford
38.9%
HampshireWinchester
38.2%
KentMaidstone
36%
Isle of WightNewport
34.8%
CumbriaCarlisle
33.2%
East Riding of YorkshireHull
30.8%
West SussexChichester
26.1%
RutlandOakham
23%
BuckinghamshireMilton Keynes
20.9%
East SussexLewes
20.4%
South YorkshireBarnsley
16.6%
SurreyKingston
15.6%
West YorkshireWakefield
14.9%
NorthumberlandMorpeth
11.6%
WiltshireTowbridge
10%
North YorkshireNorthalleton
6.9%

You're not logged in!

Compare scores with friends on all Sporcle quizzes.
Sign Up with Email
OR
Log In

You Might Also Like...

Show Comments

Extras

Top Quizzes Today


Score Distribution

Your Account Isn't Verified!

In order to create a playlist on Sporcle, you need to verify the email address you used during registration. Go to your Sporcle Settings to finish the process.